000 00693nam a22002177a 4500
005 20170124110219.0
010 _aA-689056
020 _c00.00
035 _aA-689056
037 _bCen Lib/Ret
040 _aDPL
_bEN
082 _a363.7025
_bEVN
245 _aEnvironment directory of India /
_cedited by R. K. Trivedy
260 _bEnviro Media
_aKarad
_c1990
270 _bKarad
_aPost Box 90
_e415110
300 _a281p.
_c22cm(Hb)
650 _aEnvironmental engineering -- India -- Directories
_939536
650 _aEnvironmental protection -- India -- Societies, etc. -- Directories
_939537
700 _aTrivedy, R. K.
_939538
942 _2ddc
_cEN
_h363.7025
_mEVN
999 _c134014
_d134014